| 000 | 00564 a2200157 4500 | ||
|---|---|---|---|
| 022 | _a0007121024 | ||
| 082 | _a823.912 | ||
| 090 |
_c1007 _d1007 |
||
| 100 | _a Christie, Agatha. | ||
| 245 |
_aThe Hollow _cAgatha Christie |
||
| 260 |
_aEngland: , _bHarperCollins Publishers Ltd _c1955. |
||
| 300 |
_a232 p. ; _b20 cm. |
||
| 500 | _aIncludes Index | ||
| 650 | _a1.Christie, Agatha, 1890-1976--Criticism and interpretation.2.Detective and mystery stories, English--History and criticism.3.Women and literature--England--History--20th century. | ||
| 942 |
_cBK _k823.912 CHR |
||
| 999 |
_c4971 _d4971 |
||